|
|
|
|
| LEADER |
03972nam a2200565 4500 |
| 001 |
978-3-030-14657-3 |
| 003 |
DE-He213 |
| 005 |
20191024223215.0 |
| 007 |
cr nn 008mamaa |
| 008 |
190306s2019 gw | s |||| 0|eng d |
| 020 |
|
|
|a 9783030146573
|9 978-3-030-14657-3
|
| 024 |
7 |
|
|a 10.1007/978-3-030-14657-3
|2 doi
|
| 040 |
|
|
|d GrThAP
|
| 050 |
|
4 |
|a TK5105.5-5105.9
|
| 072 |
|
7 |
|a UKN
|2 bicssc
|
| 072 |
|
7 |
|a COM075000
|2 bisacsh
|
| 072 |
|
7 |
|a UKN
|2 thema
|
| 082 |
0 |
4 |
|a 004.6
|2 23
|
| 245 |
1 |
0 |
|a IoT as a Service
|h [electronic resource] :
|b 4th EAI International Conference, IoTaaS 2018, Xi'an, China, November 17-18, 2018, Proceedings /
|c edited by Bo Li, Mao Yang, Hui Yuan, Zhongjiang Yan.
|
| 250 |
|
|
|a 1st ed. 2019.
|
| 264 |
|
1 |
|a Cham :
|b Springer International Publishing :
|b Imprint: Springer,
|c 2019.
|
| 300 |
|
|
|a XIII, 498 p. 283 illus., 204 illus. in color.
|b online resource.
|
| 336 |
|
|
|a text
|b txt
|2 rdacontent
|
| 337 |
|
|
|a computer
|b c
|2 rdamedia
|
| 338 |
|
|
|a online resource
|b cr
|2 rdacarrier
|
| 347 |
|
|
|a text file
|b PDF
|2 rda
|
| 490 |
1 |
|
|a Lecture Notes of the Institute for Computer Sciences, Social Informatics and Telecommunications Engineering,
|x 1867-8211 ;
|v 271
|
| 505 |
0 |
|
|a IoT as a service -- networking technology for IoT -- multiple access and communication technologies for IoT -- workshop on edge computing for 5G/IoT -- workshop on green communications for Internet of Things -- workshop on space-based Internet of Things -- ad hoc networks -- wireless local area networks -- network protocols -- network Architecture -- network services -- short-range networks -- network performance evaluation -- network security -- mobile computing -- wireless communication.
|
| 520 |
|
|
|a This book constitutes the refereed post-conference proceedings of the Fourth International Conference on IoT as a Service, IoTaaS 2018, which took place in Xi'an, China, in November 2018. The 50 revised full papers were carefully reviewed and selected from 83 submissions. The technical track present IoT-based services in various applications. In addition, there are three workshops: international workshop on edge computing for 5G/IoT, international workshop on green communications for internet of things, and international workshop on space-based internet of things.
|
| 650 |
|
0 |
|a Computer communication systems.
|
| 650 |
|
0 |
|a Computer simulation.
|
| 650 |
|
0 |
|a Mathematical statistics.
|
| 650 |
|
0 |
|a Application software.
|
| 650 |
1 |
4 |
|a Computer Communication Networks.
|0 http://scigraph.springernature.com/things/product-market-codes/I13022
|
| 650 |
2 |
4 |
|a Simulation and Modeling.
|0 http://scigraph.springernature.com/things/product-market-codes/I19000
|
| 650 |
2 |
4 |
|a Probability and Statistics in Computer Science.
|0 http://scigraph.springernature.com/things/product-market-codes/I17036
|
| 650 |
2 |
4 |
|a Information Systems Applications (incl. Internet).
|0 http://scigraph.springernature.com/things/product-market-codes/I18040
|
| 700 |
1 |
|
|a Li, Bo.
|e editor.
|4 edt
|4 http://id.loc.gov/vocabulary/relators/edt
|
| 700 |
1 |
|
|a Yang, Mao.
|e editor.
|0 (orcid)0000-0001-6081-1006
|1 https://orcid.org/0000-0001-6081-1006
|4 edt
|4 http://id.loc.gov/vocabulary/relators/edt
|
| 700 |
1 |
|
|a Yuan, Hui.
|e editor.
|0 (orcid)0000-0001-5212-3393
|1 https://orcid.org/0000-0001-5212-3393
|4 edt
|4 http://id.loc.gov/vocabulary/relators/edt
|
| 700 |
1 |
|
|a Yan, Zhongjiang.
|e editor.
|0 (orcid)0000-0003-2806-5343
|1 https://orcid.org/0000-0003-2806-5343
|4 edt
|4 http://id.loc.gov/vocabulary/relators/edt
|
| 710 |
2 |
|
|a SpringerLink (Online service)
|
| 773 |
0 |
|
|t Springer eBooks
|
| 776 |
0 |
8 |
|i Printed edition:
|z 9783030146566
|
| 776 |
0 |
8 |
|i Printed edition:
|z 9783030146580
|
| 830 |
|
0 |
|a Lecture Notes of the Institute for Computer Sciences, Social Informatics and Telecommunications Engineering,
|x 1867-8211 ;
|v 271
|
| 856 |
4 |
0 |
|u https://doi.org/10.1007/978-3-030-14657-3
|z Full Text via HEAL-Link
|
| 912 |
|
|
|a ZDB-2-SCS
|
| 912 |
|
|
|a ZDB-2-LNS
|
| 950 |
|
|
|a Computer Science (Springer-11645)
|